000 00629nam a22001937a 4500
999 _c197335
_d197335
005 20230822110013.0
010 _aUR-12144
020 _a9789395400237
_c90.00
035 _aU-10699
037 _bDBAD/PUB
082 _a841
100 _aمحفوظ الر حمان
245 _aحضرت امیر خسرو /
_cمحفوظ الر حمان
246 _aHazrat Ameer Khusro /
_bby Mahfoozur Rahman
260 _aNew Delhi
_bEducational Publishing House
_c2022 ء
270 _aH.O. D1/16, Ansari Road, Darya Ganj
_bNew Delhi
_e110002
300 _a60 ص
_c22cm(pbk)
942 _2ddc
_cUR
_mم ح ف
_e
_h841